[Event "Aarhus Sommer B"]
[Site "Aarhus"]
[Date "2009.07.16"]
[Round "9"]
[White "Andersen, Alf Roger"]
[Black "Grove, Peter"]
[Result "1-0"]
[WhiteElo "2238"]
[BlackElo "2149"]
[PlyCount "35"]
[EventDate "2009.07.08"]
[EventType "tourn"]
[EventRounds "9"]
[EventCountry "DEN"]
[SourceTitle "CBM 131 Extra"]
[Source "ChessBase"]
[SourceDate "2009.09.03"]

1. e4 e6 2. Qe2 c5 3. g3 Nc6 4. Nf3 d6 5. Bg2 g6 6. c3 Bg7 7. d3 Nge7 8. h4 h5
9. O-O b5 10. Rd1 O-O 11. d4 c4 12. a4 Na5 13. axb5 Bd7 14. Na3 Rb8 15. Bf4 Qc7
16. Bf1 Bxb5 17. Nxb5 Rxb5 18. b4 1-0

[Event "Aarhus Sommer B"]
[Site "Aarhus"]
[Date "2009.07.09"]
[Round "2"]
[White "Andersen, Alf Roger"]
[Black "Rewitz, Poul"]
[Result "0-1"]
[WhiteElo "2238"]
[BlackElo "2234"]
[PlyCount "156"]
[EventDate "2009.07.08"]
[EventType "tourn"]
[EventRounds "9"]
[EventCountry "DEN"]
[SourceTitle "CBM 131 Extra"]
[Source "ChessBase"]
[SourceDate "2009.09.03"]

1. e4 c6 2. d4 d5 3. Nc3 b5 4. Bd3 b4 5. Nce2 dxe4 6. Bxe4 Nf6 7. Bd3 Bg4 8. f3
Bh5 9. Nh3 e6 10. O-O Bd6 11. c4 bxc3 12. bxc3 Qc7 13. Bf4 Nbd7 14. Qd2 Bg6 15.
Rab1 Bxd3 16. Qxd3 O-O 17. Rfd1 a5 18. c4 Rfd8 19. Qa3 e5 20. c5 Bxc5 21. dxc5
exf4 22. Nexf4 Qe5 23. Rbc1 Rdb8 24. Re1 Qd4+ 25. Qe3 Rb4 26. Nd3 Qxe3+ 27.
Rxe3 Ra4 28. Re2 Nd5 29. Nhf2 f5 30. Nd1 Rb8 31. Nc3 Rd4 32. Nxd5 Rxd5 33. Rc3
Kf7 34. Rec2 Kf6 35. Kf2 g5 36. g3 h5 37. h4 gxh4 38. gxh4 Rd4 39. f4 Rg8 40.
Re2 Rg4 41. Re8 Rxh4 42. Rc8 Ke7 43. Rxc6 Nf6 44. Rb3 Rh2+ 45. Kg3 Rxa2 46. Ne5
Ne4+ 47. Kh3 Rb4 48. Rc7+ Kd8 49. Rd7+ Kc8 50. Rxb4 axb4 51. c6 Ra3+ 52. Kh4
Ra1 53. Kh3 Nc5 54. Rf7 Rc1 55. Rf8+ Kc7 56. Rf7+ Kb6 57. c7 Kb7 58. Nc6 Na6
59. Na5+ Kb6 60. Rxf5 Nxc7 61. Kh4 Rh1+ 62. Kg5 Ne6+ 63. Kf6 Nc5 64. Nc4+ Kb5
65. Nd6+ Kc6 66. Nc4 h4 67. Rh5 h3 68. f5 Ne4+ 69. Kf7 Kc5 70. Ne5 b3 71. f6
Kd4 72. Nc6+ Kc3 73. Ke7 b2 74. Rb5 Nxf6 75. Rc5+ Kd2 76. Rb5 b1=Q 77. Rxb1
Rxb1 78. Kxf6 Rb6 0-1

[Event "Aarhus Sommer B"]
[Site "Aarhus"]
[Date "2009.07.11"]
[Round "4"]
[White "Andersen, Alf Roger"]
[Black "Bonnelykke, Ole"]
[Result "1-0"]
[WhiteElo "2238"]
[BlackElo "2081"]
[PlyCount "79"]
[EventDate "2009.07.08"]
[EventType "tourn"]
[EventRounds "9"]
[EventCountry "DEN"]
[SourceTitle "CBM 131 Extra"]
[Source "ChessBase"]
[SourceDate "2009.09.03"]

1. e4 c5 2. Nf3 e6 3. d4 cxd4 4. Nxd4 a6 5. Nc3 Qc7 6. Be2 b5 7. O-O Bb7 8. Bf3
Nc6 9. Re1 Ne5 10. Bf4 d6 11. a3 Nf6 12. Bh5 g6 13. Be2 Be7 14. Bh6 O-O-O 15.
a4 b4 16. Na2 d5 17. c3 dxe4 18. Be3 Nc6 19. cxb4 e5 20. Nxc6 Rxd1 21. Nxe7+
Qxe7 22. Rexd1 Kb8 23. Bc5 Qe6 24. b5 Nd5 25. bxa6 Nf4 26. Bf1 Bd5 27. Nb4 Nd3
28. Nxd3 exd3 29. Rxd3 Rc8 30. b4 e4 31. Rc3 f5 32. Rac1 Ka8 33. b5 f4 34. b6
Rd8 35. b7+ Bxb7 36. axb7+ Kxb7 37. Rb1+ Ka8 38. Rcb3 e3 39. Rb6 exf2+ 40. Bxf2
1-0

[Event "Aarhus Sommer B"]
[Site "Aarhus"]
[Date "2009.07.13"]
[Round "6"]
[White "Andersen, Alf Roger"]
[Black "Repka, Christopher"]
[Result "0-1"]
[WhiteElo "2238"]
[BlackElo "1860"]
[PlyCount "64"]
[EventDate "2009.07.08"]
[EventType "tourn"]
[EventRounds "9"]
[EventCountry "DEN"]
[SourceTitle "CBM 131 Extra"]
[Source "ChessBase"]
[SourceDate "2009.09.03"]

1. e4 Nc6 2. Nc3 e5 3. f4 exf4 4. Nf3 g5 5. h4 g4 6. Ng5 h6 7. Nxf7 Kxf7 8.
Qxg4 Nf6 9. Qxf4 Bg7 10. Bc4+ Ke8 11. d4 d6 12. Be3 Qe7 13. O-O-O Bg4 14. Rde1
h5 15. Rhf1 Kd7 16. Nd5 Nxd5 17. exd5 Nxd4 18. Bd2 Be5 19. Qe4 Qh7 20. c3 Qxe4
21. Rxe4 Nf5 22. Rxg4 hxg4 23. Rxf5 Raf8 24. Rg5 Rxh4 25. Bd3 g3 26. Bf5+ Kd8
27. Be6 Rh2 28. Bh3 Rf2 29. Rg8+ Ke7 30. Rg4 Rh1+ 31. Kc2 Re1 32. Rg5 Ree2 0-1

[Event "Aarhus Sommer B"]
[Site "Aarhus"]
[Date "2009.07.09"]
[Round "2"]
[White "Andersen, Lars Ren"]
[Black "Rossen, Claus"]
[Result "1/2-1/2"]
[WhiteElo "2117"]
[BlackElo "2188"]
[PlyCount "42"]
[EventDate "2009.07.08"]
[EventType "tourn"]
[EventRounds "9"]
[EventCountry "DEN"]
[SourceTitle "CBM 131 Extra"]
[Source "ChessBase"]
[SourceDate "2009.09.03"]

1. e4 d6 2. c4 e5 3. Ne2 Nc6 4. d4 exd4 5. Nxd4 g6 6. Be2 Bg7 7. Be3 Nxd4 8.
Bxd4 Nf6 9. Nc3 O-O 10. O-O Re8 11. f3 Bh6 12. Nd5 Nxd5 13. exd5 Bf5 14. Bd3
Bxd3 15. Qxd3 Qh4 16. g3 Qg5 17. Rae1 Qd2 18. Qxd2 Bxd2 19. Rxe8+ Rxe8 20. Kf2
b6 21. Rd1 Bh6 1/2-1/2

[Event "Aarhus Sommer B"]
[Site "Aarhus"]
[Date "2009.07.13"]
[Round "6"]
[White "Andersen, Lars Ren"]
[Black "Nielsen, Lars Aaes"]
[Result "1/2-1/2"]
[WhiteElo "2117"]
[BlackElo "2233"]
[PlyCount "109"]
[EventDate "2009.07.08"]
[EventType "tourn"]
[EventRounds "9"]
[EventCountry "DEN"]
[SourceTitle "CBM 131 Extra"]
[Source "ChessBase"]
[SourceDate "2009.09.03"]

1. d4 Nf6 2. c4 b6 3. Nf3 Bb7 4. g3 g6 5. Bg2 Bg7 6. Nc3 O-O 7. O-O Ne4 8. Nxe4
Bxe4 9. b3 d5 10. cxd5 Qxd5 11. Be3 Nc6 12. Rc1 Rad8 13. Qd2 Rd7 14. Qc3 Rfd8
15. Qc4 Qxc4 16. Rxc4 Bd5 17. Rc2 Nb4 18. Rd2 Bxf3 19. Bxf3 e5 20. a3 Nd5 21.
dxe5 Nxe3 22. Rxd7 Rxd7 23. fxe3 Bxe5 24. Bc6 Rd6 25. Bb5 Kg7 26. Bc4 f6 27.
Bd3 Rc6 28. Bc4 Bd6 29. a4 Bc5 30. Kf2 Rd6 31. Rc1 f5 32. Rc3 g5 33. Rd3 f4 34.
gxf4 gxf4 35. Rxd6 Bxe3+ 36. Kf3 cxd6 37. Ke4 Kf6 38. h3 Kg5 39. Be6 Kh4 40.
Kd3 d5 41. Bf5 h6 42. Bg4 a5 43. Be6 Kg3 44. Bc8 Bg1 45. Be6 Kg2 46. Bd7 Kf1
47. Be6 d4 48. Bd7 Ke1 49. Be6 Kd1 50. Bd7 Kc1 51. Be6 Kb2 52. Bd5 Ka3 53. Bf7
Kb4 54. Be6 Bf2 55. Bf7 1/2-1/2

[Event "Aarhus Sommer B"]
[Site "Aarhus"]
[Date "2009.07.15"]
[Round "8"]
[White "Andersen, Lars Ren"]
[Black "Andersen, Alf Roger"]
[Result "0-1"]
[WhiteElo "2117"]
[BlackElo "2238"]
[PlyCount "76"]
[EventDate "2009.07.08"]
[EventType "tourn"]
[EventRounds "9"]
[EventCountry "DEN"]
[SourceTitle "CBM 131 Extra"]
[Source "ChessBase"]
[SourceDate "2009.09.03"]

1. e4 d6 2. d4 Nf6 3. Nc3 g6 4. f3 c6 5. Be3 b5 6. g4 h6 7. h4 h5 8. g5 Nfd7 9.
Qd2 Bg7 10. O-O-O Nb6 11. Bd3 O-O 12. Nce2 Nc4 13. Bxc4 bxc4 14. Nh3 Qb6 15.
Kb1 a5 16. Nf2 Na6 17. Ka1 Bd7 18. Nc3 Rfb8 19. Rb1 Nb4 20. Rhc1 Rb7 21. a3
Rab8 22. f4 Na6 23. e5 d5 24. Na4 Qd8 25. Nd1 Bf5 26. Ndc3 Rd7 27. Qf2 Bf8 28.
Rd1 e6 29. Nc5 Bxc5 30. dxc5 Nb4 31. Rbc1 d4 32. Bxd4 Nxc2+ 33. Rxc2 Bxc2 34.
Qxc2 Rxd4 35. Rb1 Rxf4 36. Ne4 Qd3 37. Nf6+ Kh8 38. Qg2 c3 0-1

[Event "Aarhus Sommer B"]
[Site "Aarhus"]
[Date "2009.07.11"]
[Round "4"]
[White "Andersen, Lars Ren"]
[Black "Repka, Christopher"]
[Result "1-0"]
[WhiteElo "2117"]
[BlackElo "1860"]
[PlyCount "49"]
[EventDate "2009.07.08"]
[EventType "tourn"]
[EventRounds "9"]
[EventCountry "DEN"]
[SourceTitle "CBM 131 Extra"]
[Source "ChessBase"]
[SourceDate "2009.09.03"]

1. Nf3 Nc6 2. c4 e5 3. Nc3 Nf6 4. g3 Bc5 5. Bg2 O-O 6. O-O d6 7. d3 Bf5 8. Bg5
h6 9. Bh4 Qd7 10. Bxf6 gxf6 11. Nd5 Kg7 12. Nh4 Bg4 13. Qd2 Rac8 14. Kh1 Nd4
15. f4 Bxe2 16. fxe5 fxe5 17. Nf6 Qd8 18. Nf5+ Nxf5 19. Rxf5 Bxd3 20. Qxd3 Qxf6
21. Rxf6 Kxf6 22. Rf1+ Ke7 23. Bxb7 Rb8 24. Bc6 Rxb2 25. Qf5 1-0

[Event "Aarhus Sommer B"]
[Site "Aarhus"]
[Date "2009.07.10"]
[Round "3"]
[White "Bonnelykke, Ole"]
[Black "Nielsen, Lars Aaes"]
[Result "0-1"]
[WhiteElo "2081"]
[BlackElo "2233"]
[PlyCount "78"]
[EventDate "2009.07.08"]
[EventType "tourn"]
[EventRounds "9"]
[EventCountry "DEN"]
[SourceTitle "CBM 131 Extra"]
[Source "ChessBase"]
[SourceDate "2009.09.03"]

1. e4 e6 2. d4 d5 3. Nc3 Bb4 4. e5 b6 5. a3 Bxc3+ 6. bxc3 Qd7 7. Be3 Ba6 8.
Bxa6 Nxa6 9. Qd3 Nb8 10. f4 Ne7 11. Nf3 Nbc6 12. O-O Na5 13. a4 Nc4 14. Nd2
Nxd2 15. Bxd2 a5 16. Bc1 h5 17. Ba3 Nf5 18. Bc1 Qc6 19. Rf3 Rh6 20. Be3 Kd7 21.
Bf2 Rah8 22. Qb5 Qxb5 23. axb5 Rc8 24. c4 dxc4 25. Rc3 c6 26. Rxc4 cxb5 27.
Rxc8 Kxc8 28. Rb1 b4 29. c3 bxc3 30. Rxb6 Ne7 31. Ra6 Nd5 32. Rxa5 Kb7 33. Rc5
Rh8 34. Kf1 Ra8 35. Be1 Ra1 36. Ke2 Nxf4+ 37. Kf3 Nd5 38. Bf2 Ra3 39. Ke4 Ra2
0-1

[Event "Aarhus Sommer B"]
[Site "Aarhus"]
[Date "2009.07.14"]
[Round "7"]
[White "Bonnelykke, Ole"]
[Black "Rewitz, Poul"]
[Result "0-1"]
[WhiteElo "2081"]
[BlackElo "2234"]
[PlyCount "146"]
[EventDate "2009.07.08"]
[EventType "tourn"]
[EventRounds "9"]
[EventCountry "DEN"]
[SourceTitle "CBM 131 Extra"]
[Source "ChessBase"]
[SourceDate "2009.09.03"]

1. e4 c6 2. Nc3 d5 3. Nf3 dxe4 4. Ng5 Nf6 5. Bc4 e6 6. O-O Be7 7. Qe2 O-O 8.
Ngxe4 Nbd7 9. d3 Nd5 10. a4 b6 11. f4 Bb7 12. Bxd5 exd5 13. Ng5 h6 14. Nf3 Re8
15. Qf2 Nf6 16. Ne5 d4 17. Ne2 c5 18. Ng3 Qd5 19. Bd2 Bd6 20. Rae1 Bxe5 21.
Rxe5 Rxe5 22. fxe5 Ng4 23. Qe2 Re8 24. Ne4 Ne3 25. Bxe3 dxe3 26. Qg4 Qe6 27.
Qf4 e2 28. Re1 Qxe5 29. Qxe5 Rxe5 30. Rxe2 c4 31. Nc3 Rxe2 32. Nxe2 cxd3 33.
cxd3 Ba6 34. Nc1 f5 35. Kf2 Kf7 36. Ke3 Bb7 37. g3 g5 38. b4 Ke6 39. Ne2 Ke5
40. h4 Bd5 41. hxg5 hxg5 42. d4+ Kd6 43. Nc3 Bc6 44. d5 Bxd5 45. Nb5+ Kd7 46.
Nxa7 Bb3 47. Nb5 Bxa4 48. Nd4 Kd6 49. Nxf5+ Kd5 50. Kd3 Bb5+ 51. Kc3 Bd7 52.
Ne3+ Ke4 53. Nc4 b5 54. Nd6+ Ke5 55. Nb7 Bc6 56. Nc5 Kf5 57. Nd3 Ke4 58. Ne1
Ke3 59. Nd3 Be8 60. Ne5 Ke4 61. Ng4 Kf3 62. Nf6 Bf7 63. Kd4 Kxg3 64. Ne4+ Kf4
65. Nd6 g4 66. Nxb5 g3 67. Nc3 g2 68. Ne2+ Kf3 69. Ng1+ Kf2 70. Nh3+ Kf1 71.
Ke5 Be8 72. Ke6 Bb5 73. Kd6 Be2 0-1

[Event "Aarhus Sommer B"]
[Site "Aarhus"]
[Date "2009.07.16"]
[Round "9"]
[White "Bonnelykke, Ole"]
[Black "Andersen, Lars Ren"]
[Result "1-0"]
[WhiteElo "2081"]
[BlackElo "2117"]
[PlyCount "72"]
[EventDate "2009.07.08"]
[EventType "tourn"]
[EventRounds "9"]
[EventCountry "DEN"]
[SourceTitle "CBM 131 Extra"]
[Source "ChessBase"]
[SourceDate "2009.09.03"]

1. e4 e6 2. d4 d5 3. Nc3 dxe4 4. Nxe4 Bd7 5. Nf3 Bc6 6. Bd3 Nd7 7. Qe2 Ngf6 8.
Bg5 Be7 9. O-O-O Bxe4 10. Bxe4 Nxe4 11. Bxe7 Qxe7 12. Qxe4 c6 13. h4 Nf6 14.
Qe2 O-O 15. Ne5 Rad8 16. f4 Qb4 17. c3 Qa4 18. Kb1 Rd5 19. g4 Rfd8 20. Rde1 c5
21. g5 cxd4 22. c4 d3 23. Qd1 Qc2+ 24. Ka1 Rd4 25. gxf6 gxf6 26. Qg4+ Kf8 27.
Nxf7 d2 28. Nxd8 dxe1=Q+ 29. Rxe1 Rxd8 30. a3 Rd2 31. Rb1 Kf7 32. Qh5+ Ke7 33.
Qc5+ Kd7 34. Qxa7 Qb3 35. Qg1 Qxc4 36. Rc1 Rc2 1-0

[Event "Aarhus Sommer B"]
[Site "Aarhus"]
[Date "2009.07.08"]
[Round "1"]
[White "Bonnelykke, Ole"]
[Black "Rossen, Claus"]
[Result "0-1"]
[WhiteElo "2081"]
[BlackElo "2188"]
[PlyCount "60"]
[EventDate "2009.07.08"]
[EventType "tourn"]
[EventRounds "9"]
[EventCountry "DEN"]
[SourceTitle "CBM 131 Extra"]
[Source "ChessBase"]
[SourceDate "2009.09.03"]

1. e4 g6 2. Nc3 Bg7 3. d3 c5 4. g4 Nc6 5. Bg2 e6 6. Be3 Nd4 7. Qd2 Ne7 8. Nd1
d6 9. c3 Ndc6 10. Bh6 Bxh6 11. Qxh6 Ng8 12. Qd2 h5 13. g5 Nge7 14. h4 d5 15. f4
dxe4 16. dxe4 Qxd2+ 17. Kxd2 e5 18. Ne2 Bg4 19. Ne3 O-O-O+ 20. Nd5 Rhe8 21.
fxe5 Nxe5 22. Nef4 Nc4+ 23. Kc1 Nxd5 24. Nxd5 Rxd5 25. exd5 Re2 26. Bh3 Bxh3
27. b3 Bg2 28. Kd1 Bf3 29. Rh3 Nb2+ 30. Kc1 Nd3+ 0-1

[Event "Aarhus Sommer B"]
[Site "Aarhus"]
[Date "2009.07.12"]
[Round "5"]
[White "Bonnelykke, Ole"]
[Black "Grove, Peter"]
[Result "1-0"]
[WhiteElo "2081"]
[BlackElo "2149"]
[PlyCount "61"]
[EventDate "2009.07.08"]
[EventType "tourn"]
[EventRounds "9"]
[EventCountry "DEN"]
[SourceTitle "CBM 131 Extra"]
[Source "ChessBase"]
[SourceDate "2009.09.03"]

1. e4 d5 2. Nf3 Nf6 3. e5 Nfd7 4. d4 e6 5. Bd3 c5 6. c3 Nc6 7. O-O Qb6 8. dxc5
Bxc5 9. b4 Be7 10. Qe2 Qc7 11. Bf4 b6 12. Na3 a6 13. Nc2 h6 14. a3 g5 15. Bg3
g4 16. Nfd4 Ncxe5 17. c4 Bb7 18. cxd5 Bxd5 19. Ne3 Bb7 20. Nxg4 Bd6 21. Rac1
Qb8 22. Rfe1 Nxd3 23. Qxd3 Bxg3 24. Nxe6 Be5 25. Nc7+ Kf8 26. Nxe5 Nxe5 27.
Qd6+ Kg7 28. Qxe5+ Kh7 29. Qf5+ Kg7 30. Rc3 Bc8 31. Rg3+ 1-0

[Event "Aarhus Sommer B"]
[Site "Aarhus"]
[Date "2009.07.12"]
[Round "5"]
[White "Fredericia, Louise Winther"]
[Black "Svane, Henrik"]
[Result "1-0"]
[WhiteElo "2090"]
[BlackElo "2113"]
[PlyCount "105"]
[EventDate "2009.07.08"]
[EventType "tourn"]
[EventRounds "9"]
[EventCountry "DEN"]
[SourceTitle "CBM 131 Extra"]
[Source "ChessBase"]
[SourceDate "2009.09.03"]

1. c4 c5 2. Nc3 Nf6 3. g3 d5 4. cxd5 Nxd5 5. Bg2 Nc7 6. Nf3 Nc6 7. O-O e5 8. d3
Be7 9. Nd2 Bd7 10. Nc4 f6 11. a4 O-O 12. f4 exf4 13. Bxf4 Ne6 14. Bd2 Rb8 15.
Nd5 Ne5 16. Bc3 Nd4 17. e3 Bg4 18. Nxe7+ Qxe7 19. Qb1 Ne2+ 20. Kh1 Nxc3 21.
bxc3 Nxc4 22. dxc4 Qxe3 23. Rf4 Bd7 24. Qd1 Bc6 25. Bd5+ Qe6 26. Qd3 Rbd8 27.
Rd1 Rfe8 28. Kg2 Bxd5+ 29. cxd5 Qe2+ 30. Qxe2 Rxe2+ 31. Kf3 Rxh2 32. Re4 Rc2
33. c4 Rc3+ 34. Kf4 g5+ 35. Kf5 Rxg3 36. Kxf6 Rf8+ 37. Ke7 Rgf3 38. Re6 b6 39.
Kd7 R3f7+ 40. Re7 Rxe7+ 41. Kxe7 Rf7+ 42. Ke8 Rf4 43. d6 Rf8+ 44. Ke7 Rf7+ 45.
Ke6 Kg7 46. d7 Rxd7 47. Rxd7+ Kg6 48. Rd8 h6 49. Rg8+ Kh5 50. Kf5 Kh4 51. Rg7
a5 52. Rg6 Kh5 53. Rxb6 1-0

[Event "Aarhus Sommer B"]
[Site "Aarhus"]
[Date "2009.07.14"]
[Round "7"]
[White "Fredericia, Louise Winther"]
[Black "Andersen, Lars Ren"]
[Result "1/2-1/2"]
[WhiteElo "2090"]
[BlackElo "2117"]
[PlyCount "67"]
[EventDate "2009.07.08"]
[EventType "tourn"]
[EventRounds "9"]
[EventCountry "DEN"]
[SourceTitle "CBM 131 Extra"]
[Source "ChessBase"]
[SourceDate "2009.09.03"]

1. c4 Nf6 2. Nc3 b6 3. e4 d6 4. d4 e6 5. Bg5 Nbd7 6. Nf3 h6 7. Bh4 g5 8. Bg3
Nh5 9. Qd2 Bb7 10. O-O-O Qe7 11. Nb5 Ndf6 12. e5 Ne4 13. Qe3 Nhxg3 14. hxg3 a6
15. Nc3 Nxc3 16. Qxc3 Bg7 17. Ne1 O-O-O 18. Nd3 Kb8 19. f3 dxe5 20. dxe5 Qd7
21. Be2 Qd4 22. Qxd4 Rxd4 23. c5 Rhd8 24. cxb6 cxb6 25. Kb1 a5 26. Rd2 Bxe5 27.
Rxh6 Bxg3 28. Rd1 Ba6 29. Kc2 Rc8+ 30. Kd2 Bf4+ 31. Ke1 Rcd8 32. Nxf4 Rxd1+ 33.
Bxd1 gxf4 34. Rf6 1/2-1/2

[Event "Aarhus Sommer B"]
[Site "Aarhus"]
[Date "2009.07.10"]
[Round "3"]
[White "Fredericia, Louise Winther"]
[Black "Andersen, Alf Roger"]
[Result "0-1"]
[WhiteElo "2090"]
[BlackElo "2238"]
[PlyCount "34"]
[EventDate "2009.07.08"]
[EventType "tourn"]
[EventRounds "9"]
[EventCountry "DEN"]
[SourceTitle "CBM 131 Extra"]
[Source "ChessBase"]
[SourceDate "2009.09.03"]

1. c4 f5 2. Nc3 Nf6 3. g3 d6 4. Bg2 e5 5. d3 Be7 6. e3 O-O 7. Nge2 c6 8. O-O
Be6 9. b4 Nbd7 10. Rb1 a6 11. a4 Qe8 12. b5 axb5 13. axb5 Qh5 14. bxc6 bxc6 15.
Bxc6 Ng4 16. h4 Bxh4 17. f3 Bxg3 0-1

[Event "Aarhus Sommer B"]
[Site "Aarhus"]
[Date "2009.07.15"]
[Round "8"]
[White "Fredericia, Louise Winther"]
[Black "Bonnelykke, Ole"]
[Result "1/2-1/2"]
[WhiteElo "2090"]
[BlackElo "2081"]
[PlyCount "54"]
[EventDate "2009.07.08"]
[EventType "tourn"]
[EventRounds "9"]
[EventCountry "DEN"]
[SourceTitle "CBM 131 Extra"]
[Source "ChessBase"]
[SourceDate "2009.09.03"]

1. c4 e6 2. Nc3 d5 3. d4 f5 4. Nf3 Nf6 5. Bf4 c6 6. e3 Be7 7. Bd3 O-O 8. O-O
Qe8 9. Ne5 b6 10. Qc2 Ne4 11. f3 Nd6 12. Bg3 Bb7 13. Rfe1 Nd7 14. b3 Rc8 15. e4
dxe4 16. fxe4 f4 17. Nxd7 Qxd7 18. e5 fxg3 19. exd6 Qxd6 20. Bxh7+ Kh8 21. Qd3
Bf6 22. Rad1 c5 23. Nb5 Bxd4+ 24. Nxd4 Qxd4+ 25. Qxd4 gxh2+ 26. Kxh2 cxd4 27.
Be4 Bxe4 1/2-1/2

[Event "Aarhus Sommer B"]
[Site "Aarhus"]
[Date "2009.07.08"]
[Round "1"]
[White "Fredericia, Louise Winther"]
[Black "Repka, Christopher"]
[Result "1-0"]
[WhiteElo "2090"]
[BlackElo "1860"]
[PlyCount "85"]
[EventDate "2009.07.08"]
[EventType "tourn"]
[EventRounds "9"]
[EventCountry "DEN"]
[SourceTitle "CBM 131 Extra"]
[Source "ChessBase"]
[SourceDate "2009.09.03"]

1. c4 Nc6 2. Nc3 e5 3. g3 Bc5 4. Bg2 d6 5. e3 Nf6 6. Nge2 O-O 7. a3 a5 8. h3
Bf5 9. d3 Qd7 10. Nd5 Nxd5 11. cxd5 Ne7 12. e4 Bg6 13. d4 exd4 14. Nxd4 Rae8
15. O-O c6 16. Be3 Nc8 17. dxc6 bxc6 18. Qa4 Bxe4 19. Qxa5 Bxg2 20. Kxg2 Qb7
21. Kg1 Nb6 22. Nf5 Nc4 23. Qc3 Ne5 24. Bxc5 dxc5 25. f4 f6 26. Nd6 Qd7 27.
Nxe8 Ng6 28. Nxf6+ Rxf6 29. Kh2 Rd6 30. Qb3+ Kf8 31. Rad1 Rd5 32. a4 Rd2+ 33.
Rxd2 Qxd2+ 34. Kg1 Qd4+ 35. Rf2 Ne7 36. a5 Nd5 37. a6 c4 38. Qb8+ Ke7 39. a7
Qd1+ 40. Kh2 Qe1 41. Rg2 Ne3 42. Qe5+ Kf7 43. Qxe3 1-0

[Event "Aarhus Sommer B"]
[Site "Aarhus"]
[Date "2009.07.13"]
[Round "6"]
[White "Grove, Peter"]
[Black "Rossen, Claus"]
[Result "1/2-1/2"]
[WhiteElo "2149"]
[BlackElo "2188"]
[PlyCount "46"]
[EventDate "2009.07.08"]
[EventType "tourn"]
[EventRounds "9"]
[EventCountry "DEN"]
[SourceTitle "CBM 131 Extra"]
[Source "ChessBase"]
[SourceDate "2009.09.03"]

1. d4 Nf6 2. c4 e6 3. Nc3 Bb4 4. e3 O-O 5. Bd3 c5 6. Nge2 cxd4 7. exd4 d5 8.
O-O Nc6 9. a3 Be7 10. Re1 b6 11. cxd5 Nxd5 12. Be4 Bf6 13. Nxd5 exd5 14. Bf3
Bb7 15. Be3 Na5 16. Rc1 Rc8 17. Rxc8 Qxc8 18. Nf4 Qd8 19. Qa4 Bc6 20. Qc2 g6
21. b3 Bb7 22. Rc1 Re8 23. g3 Bg7 1/2-1/2

[Event "Aarhus Sommer B"]
[Site "Aarhus"]
[Date "2009.07.08"]
[Round "1"]
[White "Grove, Peter"]
[Black "Andersen, Lars Ren"]
[Result "0-1"]
[WhiteElo "2149"]
[BlackElo "2117"]
[PlyCount "44"]
[EventDate "2009.07.08"]
[EventType "tourn"]
[EventRounds "9"]
[EventCountry "DEN"]
[SourceTitle "CBM 131 Extra"]
[Source "ChessBase"]
[SourceDate "2009.09.03"]

1. e4 c5 2. Nf3 d6 3. d4 cxd4 4. Nxd4 Nf6 5. Nc3 a6 6. Bg5 e6 7. Be2 Be7 8. Qd3
Nc6 9. O-O-O Nxd4 10. Qxd4 e5 11. Qd2 Be6 12. Bxf6 gxf6 13. Nd5 Rc8 14. Kb1 Rc5
15. Nxe7 Kxe7 16. g3 Qc7 17. f4 Rc8 18. Rc1 Qa5 19. Qxa5 Rxa5 20. b3 f5 21.
fxe5 Rxe5 22. exf5 Rxe2 0-1

[Event "Aarhus Sommer B"]
[Site "Aarhus"]
[Date "2009.07.09"]
[Round "2"]
[White "Grove, Peter"]
[Black "Svane, Henrik"]
[Result "1/2-1/2"]
[WhiteElo "2149"]
[BlackElo "2113"]
[PlyCount "57"]
[EventDate "2009.07.08"]
[EventType "tourn"]
[EventRounds "9"]
[EventCountry "DEN"]
[SourceTitle "CBM 131 Extra"]
[Source "ChessBase"]
[SourceDate "2009.09.03"]

1. Nf3 d5 2. d4 Nf6 3. c4 dxc4 4. e3 e6 5. Bxc4 c5 6. O-O a6 7. a4 Nc6 8. dxc5
Qxd1 9. Rxd1 Bxc5 10. Nfd2 Ke7 11. Nc3 Rd8 12. Be2 Bd7 13. Nc4 Be8 14. b3 Rxd1+
15. Bxd1 Rd8 16. Bf3 b6 17. Bb2 Na5 18. Nxa5 bxa5 19. g4 g5 20. Ne4 Nxe4 21.
Bxe4 Rb8 22. Rb1 h6 23. Bc3 Bb4 24. Bg7 f6 25. Bxh6 Bd6 26. f4 Rb4 27. Bd3 gxf4
28. exf4 Bxf4 29. Bxf4 1/2-1/2

[Event "Aarhus Sommer B"]
[Site "Aarhus"]
[Date "2009.07.11"]
[Round "4"]
[White "Grove, Peter"]
[Black "Fredericia, Louise Winther"]
[Result "1-0"]
[WhiteElo "2149"]
[BlackElo "2090"]
[PlyCount "103"]
[EventDate "2009.07.08"]
[EventType "tourn"]
[EventRounds "9"]
[EventCountry "DEN"]
[SourceTitle "CBM 131 Extra"]
[Source "ChessBase"]
[SourceDate "2009.09.03"]

1. d4 d5 2. c4 e6 3. Nc3 Nf6 4. Bg5 Be7 5. e3 h6 6. Bh4 O-O 7. Nf3 Nbd7 8. Qc2
c6 9. cxd5 exd5 10. Bd3 Re8 11. O-O Ne4 12. Bxe7 Qxe7 13. Bxe4 dxe4 14. Nd2 Nf6
15. a3 Bf5 16. b4 Rad8 17. Rfc1 Nh7 18. Ne2 a6 19. Ng3 Bg6 20. Qc5 Qh4 21. Qb6
Qe7 22. Nc4 Rd5 23. a4 h5 24. Ne2 Nf6 25. Nf4 Rf5 26. Nxg6 fxg6 27. Ne5 Nd5 28.
Qc5 Qf6 29. Rf1 Qg5 30. Qc2 Nf6 31. b5 axb5 32. axb5 cxb5 33. h3 Kh7 34. Rab1
Nd5 35. Rbe1 Rfxe5 36. dxe5 Qxe5 37. Qc5 Nc3 38. Qxe5 Rxe5 39. f4 Rd5 40. Rf2
Rd3 41. Rb2 h4 42. Rb4 Rd2 43. Kf1 Rc2 44. Rd4 Rb2 45. Rd7 b6 46. Rc1 b4 47.
Ra1 g5 48. f5 Ne2 49. f6 Ng3+ 50. Kg1 b3 51. f7 Ra2 52. Rxa2 1-0

[Event "Aarhus Sommer B"]
[Site "Aarhus"]
[Date "2009.07.15"]
[Round "8"]
[White "Grove, Peter"]
[Black "Nielsen, Lars Aaes"]
[Result "0-1"]
[WhiteElo "2149"]
[BlackElo "2233"]
[PlyCount "112"]
[EventDate "2009.07.08"]
[EventType "tourn"]
[EventRounds "9"]
[EventCountry "DEN"]
[SourceTitle "CBM 131 Extra"]
[Source "ChessBase"]
[SourceDate "2009.09.03"]

1. e4 e6 2. d4 d5 3. Nc3 Bb4 4. e5 c5 5. a3 Bxc3+ 6. bxc3 Ne7 7. Qg4 Qc7 8.
Qxg7 Rg8 9. Qxh7 cxd4 10. Ne2 dxc3 11. f4 b6 12. Qd3 Ba6 13. Qxc3 Qxc3+ 14.
Nxc3 Bxf1 15. Kxf1 Nf5 16. Rg1 Na6 17. g4 Nh4 18. Nb5 Nf3 19. Rh1 Rxg4 20. Kf2
Nh4 21. Nd6+ Ke7 22. Rg1 Rxg1 23. Kxg1 Rg8+ 24. Kh1 Rg2 25. Be3 Re2 26. Bg1
Rxc2 27. Rf1 Nb8 28. Bf2 Nf3 29. h4 f6 30. Bg3 Nd2 31. Re1 Nd7 32. h5 Rc3 33.
Kg2 fxe5 34. fxe5 Nf3 35. Re2 Nd4 36. Rf2 Nf5 37. Nxf5+ exf5 38. Rxf5 Rc8 39.
Rg5 Rh8 40. Kf3 Rh7 41. Kg4 Nf8 42. Bh4 Ke6 43. Rg8 Kf7 44. Rg5 Ke6 45. Rf5
Rg7+ 46. Bg5 Nh7 47. Kf4 d4 48. h6 Rg6 49. Rf6+ Nxf6 50. exf6 Rg8 51. h7 Rh8
52. Ke4 Rxh7 53. Kxd4 Rh3 54. Bc1 Kxf6 55. Kc4 Rh5 56. a4 Rc5+ 0-1

[Event "Aarhus Sommer B"]
[Site "Aarhus"]
[Date "2009.07.14"]
[Round "7"]
[White "Nielsen, Lars Aaes"]
[Black "Andersen, Alf Roger"]
[Result "1-0"]
[WhiteElo "2233"]
[BlackElo "2238"]
[PlyCount "64"]
[EventDate "2009.07.08"]
[EventType "tourn"]
[EventRounds "9"]
[EventCountry "DEN"]
[SourceTitle "CBM 131 Extra"]
[Source "ChessBase"]
[SourceDate "2009.09.03"]

1. d4 f5 2. g4 fxg4 3. e4 d5 4. e5 Bf5 5. h3 g3 6. fxg3 c5 7. Bg2 cxd4 8. Ne2
Nc6 9. O-O e6 10. g4 Be4 11. Nd2 Bxg2 12. Kxg2 Bc5 13. Nf3 Qb6 14. Nf4 Kd7 15.
Ng5 Nd8 16. Nd3 Ne7 17. b4 Bxb4 18. Rb1 a5 19. a3 h6 20. Nf7 Rf8 21. Nxd8 Rxf1
22. Qxf1 Rxd8 23. axb4 Rc8 24. Rb2 axb4 25. Bd2 b3 26. Rxb3 Qc6 27. Rb2 Ng6 28.
Qf7+ Ne7 29. Bb4 Re8 30. Bd6 b6 31. Ra2 Qc3 32. Ra7+ Kd8 1-0